000 00355nam a2200133Ia 4500
008 240624s9999 xx 000 0 und d
041 _aeng
082 _a658.4092 SNO
100 _aSNOOK SCOTT
245 _aHANDBOOK FOR TEACHING LEADERSHIP KNOWING
260 _c2012
_aLondon
_bSage Publications
300 _axxix, : 569 : p. : cm. ; 26
365 _c
_b30
999 _c19748
_d19748